01221nam a2200193Ia 4500001001100000003001000011008004100021040002500062041001300087100002900100245011200129250001100241260009200252300001300344500026000357501011400617520026000731650003600991L200-52039IT-CnALBA170116s9999||||xx |||||||||||||| ||und|| aIT-CnALBAcIT-CnALBA aITALIANO aCIPRIANI SETTIMIO, MONS. 0aLE LETTERE DI S. PAOLO. VERSIONI TRADUZIONI E NOTE DI...ORTENSIO DA SPINEDOLI, ROSSANO PIERO, VANNI UGO...  a1a ed. aCINISELLO BALSAMO (MI)bEDIZIONI PAOLINEc1976 [1° Ed.:1976 - Ed.Ling.Originale: 1976] a1206 p.  aNUOVISSIMA VERSIONE DELLA BIBBIA. PERETTO E. INTRODUZIONE DI ROSSANO P. INDICE ANALITICO. INTRODUZIONE A S. PAOLO. RESSALONICESI. L'AMBIENTE. GLI SCRITTI. GLI INSEGNAMENTI. AI CORINZI. PRIMA E SECONDA. IL TESTO E LA CRITICA. AI GALATI E AI ROMANI. LETTERE aSocietà San Paolo EM - Piazza San Paolo, 14 - 12051 ALBA (CN) (non commercial uses only) ® Copyright 2017 aNUOVISSIMA VERSIONE DELLA BIBBIA. PERETTO E. INTRODUZIONE DI ROSSANO P. INDICE ANALITICO. INTRODUZIONE A S. PAOLO. RESSALONICESI. L'AMBIENTE. GLI SCRITTI. GLI INSEGNAMENTI. AI CORINZI. PRIMA E SECONDA. IL TESTO E LA CRITICA. AI GALATI E AI ROMANI. LETTERE aRELIGIONE - RELIGIONE CRISTIANA